Никчемные тексты; Мерсье и Камье; Как есть; Опустошитель; Недовидено недосказано: пер. с англ.

書誌詳細
第一著者: Беккет С. Сэмюэль
言語:ロシア語
出版事項: СПб., Наука, 2001
シリーズ:Литературные памятники
主題:
フォーマット: MixedMaterials 図書
KOHA link:https://koha.lib.tpu.ru/cgi-bin/koha/opac-detail.pl?biblionumber=45691

MARC

LEADER 00000nam0a2200000 4500
001 45691
005 20231031023957.0
010 |a 5020285145 
035 |a (RuTPU)RU\TPU\book\47596 
090 |a 45691 
100 |a 20021216d2001 m y0rusy50 ca 
101 1 |a rus 
102 |a RU 
105 |a y z 000ay 
200 1 |a Никчемные тексты  |a Мерсье и Камье  |a Как есть  |a Опустошитель  |a Недовидено недосказано  |e пер. с англ.  |f С. Беккет 
210 |a СПб.  |c Наука  |d 2001 
215 |a 338 с. 
225 1 |a Литературные памятники 
320 |a Прил.: с. 257-338. 
610 1 |a проза 
675 |a 82  |v 3 
675 |a 84  |v 3 
700 1 |a Беккет  |b С.  |g Сэмюэль 
801 1 |a RU  |b 63413507  |c 20021216  |g PSBO 
801 2 |a RU  |b 63413507  |c 20030113  |g PSBO 
942 |c BK